Complejidad y contradicción en la arquitectura / (Record no. 145631)

MARC details
000 -LEADER
campo de control de longitud fija 00799nam a2200217 i 4500
001 - NÚMERO DE CONTROL
campo de control 145631
003 - IDENTIFICADOR DE NÚMERO DE CONTROL
campo de control ES-MaACL
005 - FECHA Y HORA DE LA ÚLTIMA TRANSACCIÓN
campo de control 20250822003021.0
007 - CAMPO FIJO DE DESCRIPCIÓN FÍSICA--INFORMACIÓN GENERAL
campo de control de longitud fija t|
008 - DATOS DE LONGITUD FIJA--INFORMACIÓN GENERAL
campo de control de longitud fija 071015s1972 sp ||||1| spa d
100 1# - ENTRADA PRINCIPAL--NOMBRE DE PERSONA
Nombre de persona Venturi, Robert.
9 (RLIN) 113928
245 10 - MENCIÓN DEL TÍTULO
Título Complejidad y contradicción en la arquitectura /
Mención de responsabilidad, etc. Robert Venturi ; con una introducción de Vincent Scully ; [versión Antón Aguirregoitia Arechavaleta y Eduardo de Felipe Alonso].
260 ## - PUBLICACIÓN, DISTRIBUCIÓN, ETC.
Lugar de publicación, distribución, etc. Barcelona :
Nombre del editor, distribuidor, etc. Gustavo Gili,
Fecha de publicación, distribución, etc. [1972]
300 ## - DESCRIPCIÓN FÍSICA
Extensión 234 p. :
Otras características físicas il. ;
Dimensiones 21 cm.
650 14 - PUNTO DE ACCESO ADICIONAL DE MATERIA--TÉRMINO DE MATERIA
Término de materia o nombre geográfico como elemento de entrada Arquitectura
9 (RLIN) 9986
700 1# - ENTRADA AGREGADA--NOMBRE PERSONAL
Nombre de persona Scully, Vincent.
9 (RLIN) 104975
700 1# - ENTRADA AGREGADA--NOMBRE PERSONAL
Nombre de persona Aguirregoitia Arechavaleta, Antón.
9 (RLIN) 18896
700 1# - ENTRADA AGREGADA--NOMBRE PERSONAL
Nombre de persona Felipe Alonso, Eduardo de
9 (RLIN) 49171
852 ## - LOCALIZACIÓN
Ubicación ES-MaACL
Número de control de estantería C-43384
Sublocalización o colección R.81974
Holdings
Estatus retirado Estado de pérdida Estado de daño No para préstamo Biblioteca de origen Biblioteca actual Ubicación en estantería Fecha de adquisición Fuente de adquisición Total de préstamos Signatura topográfica completa Código de barras Visto por última vez Precio de reemplazo Tipo de ítem Koha
        Biblioteca del Ateneo de Madrid Biblioteca del Ateneo de Madrid Depósito 2 17/01/2008     C-43384 1152018 23/02/2023 23/02/2023 Libro impreso